SOCIOLOGY INTRODUCTORY READINGS (Record no. 24041)
[ view plain ]
| 000 -LEADER | |
|---|---|
| fixed length control field | 00379nam a2200145Ia 4500 |
| 008 - FIXED-LENGTH DATA ELEMENTS--GENERAL INFORMATION | |
| fixed length control field | 240624s9999 xx 000 0 und d |
| 041 ## - LANGUAGE CODE | |
| Language code of text/sound track or separate title | eng |
| 082 ## - DEWEY DECIMAL CLASSIFICATION NUMBER | |
| Classification number | 306 GID |
| 100 ## - MAIN ENTRY--PERSONAL NAME | |
| Personal name | GIDDENS ANTHONY |
| 245 ## - TITLE STATEMENT | |
| Title | SOCIOLOGY INTRODUCTORY READINGS |
| 250 ## - EDITION STATEMENT | |
| Edition statement | (3rd ed.) |
| 260 ## - PUBLICATION, DISTRIBUTION, ETC. | |
| Date of publication, distribution, etc. | 2010 |
| Place of publication, distribution, etc. | Cambridge |
| Name of publisher, distributor, etc. | John Wiley (Polity Press) |
| 300 ## - PHYSICAL DESCRIPTION | |
| Extent | x, : 347 : p. : cm. ; 27 |
| 365 ## - TRADE PRICE | |
| Currency code | |
| Price amount | 26 |
| Withdrawn status | Lost status | Damaged status | Not for loan | Home library | Current library | Shelving location | Date acquired | Source of acquisition | Cost, normal purchase price | Full call number | Barcode | Date last seen | Copy number | Price effective from | Koha item type |
|---|---|---|---|---|---|---|---|---|---|---|---|---|---|---|---|
| IMTN | IMTN | Rack 6-B | 02/17/2015 | IBH | 22.00 | 306 GID | 24041 | 06/24/2024 | 65.6 | 06/24/2024 | Books |